书目信息 |
| 题名: |
马克思恩格斯著作中的若干人物
|
|
| 作者: | 肖灼基 编著 | |
| 分册: | ||
| 出版信息: | 石家庄 河北人民出版社 1981 |
|
| 页数: | 324页 | |
| 开本: | 21cm | |
| 丛书名: | ||
| 单 册: | ||
| 中图分类: | A811 , A81 | |
| 科图分类: | ||
| 主题词: | 马恩著作研究-人物研究 | |
| 电子资源: | ||
| ISBN: | ||
| 000 | 00652nam0 2200241 45 | |
| 001 | 1264120484 | |
| 005 | 20090929162236.04 | |
| 010 | @dCNY0.87 | |
| 091 | @aCN@b11086.18 | |
| 100 | @a19950628d1981 emky0chiy0121 ea | |
| 101 | 0 | @achi |
| 102 | @aCN@b130000 | |
| 105 | @ay z 000yy | |
| 200 | 10 | @a马克思恩格斯著作中的若干人物@Ama ke si en ge si zhu zuo zhong de ruo gan ren wu@f肖灼基编著 |
| 210 | @a石家庄@c河北人民出版社@d1981 | |
| 215 | @a324页@d21cm | |
| 606 | 0 | @a马恩著作研究-人物研究 |
| 690 | @aA811@v3 | |
| 690 | @aA81@v4 | |
| 701 | 0 | @a肖灼基@Axiao zhuo ji@4编著 |
| 801 | 0 | @aCN@bTSSF |
| 801 | 2 | @aCN@bNLC |
| 905 | @a10447@dA81@eJY1 | |
| 马克思恩格斯著作中的若干人物/肖灼基编著.-石家庄:河北人民出版社,1981 |
| 324页;21cm |
| ISBN :CNY0.87 |
| ● |
| 相关链接 |
|
|
|
|
正题名:马克思恩格斯著作中的若干人物
索取号:A81/JY1
 
预约/预借
| 序号 | 登录号 | 条形码 | 馆藏地/架位号 | 状态 | 备注 |
| 1 | 7809431 | 278094312 | 学院路分馆/ [索取号:A81/JY1] | 在馆 |